El ecosistema de la cooperación : (Record no. 190664)

MARC details
000 -LEADER
campo de control de longitud fija 01221nam a2200301 i 4500
001 - NÚMERO DE CONTROL
campo de control 190664
003 - IDENTIFICADOR DE NÚMERO DE CONTROL
campo de control ES-MaACL
005 - FECHA Y HORA DE LA ÚLTIMA TRANSACCIÓN
campo de control 20240130121258.0
008 - DATOS DE LONGITUD FIJA--INFORMACIÓN GENERAL
campo de control de longitud fija 220419s2017 sp bd 001 0 spa
020 ## - NÚMERO INTERNACIONAL ESTÁNDAR DEL LIBRO
Número Internacional Estándar del Libro 978-84-9097-385-1
080 ## - NÚMERO DE LA CLASIFICACIÓN DECIMAL UNIVERSAL
Número de la Clasificación Decimal Universal 341.232
080 ## - NÚMERO DE LA CLASIFICACIÓN DECIMAL UNIVERSAL
Número de la Clasificación Decimal Universal 502.131.1
100 1# - ENTRADA PRINCIPAL--NOMBRE DE PERSONA
Nombre de persona Sotillo, José Ángel.
9 (RLIN) 166910
245 13 - MENCIÓN DEL TÍTULO
Título El ecosistema de la cooperación :
Resto del título la agenda 2030 para el desarrollo sostenible /
Mención de responsabilidad, etc. José Ángel Sotillo Lorenzo.
260 ## - PUBLICACIÓN, DISTRIBUCIÓN, ETC.
Lugar de publicación, distribución, etc. Madrid :
Nombre del editor, distribuidor, etc. Los Libros de la Catarata :
-- Instituto Universitario de Desarrollo y Cooperación (IUDC),
Fecha de publicación, distribución, etc. [2017]
300 ## - DESCRIPCIÓN FÍSICA
Extensión 206 p. :
Otras características físicas gráf., mapas ;
Dimensiones 22 cm.
490 1# - MENCIÓN DE SERIE
Mención de serie Desarrollo y cooperación ;
Designación de volumen o secuencia 655
504 ## - NOTA DE BIBLIOGRAFÍA, ETC.
Nota de bibliografía, etc. Bibliografía: p. 203-206.
650 #4 - PUNTO DE ACCESO ADICIONAL DE MATERIA--TÉRMINO DE MATERIA
Término de materia o nombre geográfico como elemento de entrada Cooperación internacional.
9 (RLIN) 11350
650 #4 - PUNTO DE ACCESO ADICIONAL DE MATERIA--TÉRMINO DE MATERIA
Término de materia o nombre geográfico como elemento de entrada Desarrollo sostenible.
9 (RLIN) 11817
710 2# - ENTRADA AGREGADA--NOMBRE DE ENTIDAD CORPORATIVA
Nombre de entidad corporativa o nombre de jurisdicción como elemento de entrada Universidad Complutense de Madrid.
Unidad subordinada Instituto Universitario de Desarrollo y Cooperación.
9 (RLIN) 7133
830 1# - PUNTO DE ACCESO ADICIONAL DE SERIE-TÍTULO UNIFORME
Título uniforme Desarrollo y cooperación ;
Designación de volumen o secuencia 655
9 (RLIN) 193268
852 4# - LOCALIZACIÓN
Ubicación ES-MaACL
Número de control de estantería A-14940
itemnumber 197844
Sublocalización o colección R.152148
Ubicación en estantería Depósito 1
Signatura antigua Olim: N-7940
Donativo/Legado Donacion: Tomas Mallo
903 ## - NOMBRE PERSONAL DE DONANTE
9 75818
a Mallo, Tomás
e Donante
942 ## - ELEMENTOS DE ENTRADA SECUNDARIOS (KOHA)
Fuente del sistema de clasificación o colocación Clasificación decimal universal
Tipo de ítem Koha Libro impreso
Holdings
Estatus retirado Estado de pérdida Fuente del sistema de clasificación o colocación Estado de daño No para préstamo Biblioteca de origen Biblioteca actual Ubicación en estantería Fecha de adquisición Fuente de adquisición Total de préstamos Signatura topográfica completa Código de barras Visto por última vez Precio de reemplazo Tipo de ítem Koha
    Clasificación decimal universal     Biblioteca del Ateneo de Madrid Biblioteca del Ateneo de Madrid Depósito 1 19/04/2022 Donación   A-14940 1202896 23/02/2023 23/02/2023 Libro impreso